Blue lock: Ubers composition - Statistiques

Statistiques générales
  • Ce quiz a été pris 57 fois
  • Le résultat moyen est 8 sur 16
Statistiques - réponses
Poste Joueur % Correct
Attaquant Shoei Baro
100%
Défenseur Don Lorenzo
93%
Milieu défensif Ikki Niko
93%
Défenseur Oliver Aiku
88%
Défenseur Jyubei Aryu
83%
Coach Marc Snuffy
80%
Milieu offensif central Shuto Sendo
78%
Gardien Gen Fukaku
59%
Défenseur droit Rico
24%
Défenseur gauche Abdi
22%
Milieu Peron
22%
Réserve Shingen Tanaka
22%
Réserve Yukio Ishikari
22%
Réserve Kyohei Shiguma
20%
Gardien Canali
17%
Milieu Draco
2%
Aucun quiz correspondant
Distribution des résultats
% des personnes avec chaque résultat
Percentile par nombre de réponses
Votre historique - résultats
Vous n’avez pas pris ce quiz